Statistics for Name Madonna's UK #1 songs

Click here to take the quiz!

General Stats

  • This quiz has been taken 256 times
  • The average score is 9 of 13

Answer Stats

HintAnswer% Correct
7 Apr 90Vogue
89%
18 Mar 89Like a Prayer
86%
28 Jun 86Papa Don't Preach
82%
2 Sep 00Music
78%
7 Mar 98Frozen
77%
4 Apr 87La Isla Bonita
72%
4 Oct 86True Blue
72%
19 Nov 05Hung Up
70%
27 Jul 85Into the Groove
69%
29 Mar 084 Minutes
62%
11 Mar 00American Pie
61%
4 Mar 06Sorry
57%
18 Jul 87Who's That Girl
55%

Score Distribution

Percentile by Number Answered

Percent of People with Each Score

Your Score History

You have not taken this quiz